El rey Ricardo II ; La vida y la muerte del rey Juan (Registro nro. 791)

Detalles MARC
000 -CABECERA
Longitud fija campo de control 00565nam a2200181 b 4500
001 - NÚMERO DE CONTROL
Número de control 00000000065003
003 - IDENTIFICADOR DELl NÚMERO DE CONTROL
Identificador del número de control OSt
005 - FECHA Y HORA DE LA ÚLTIMA TRANSACCIÓN
Fecha y hora de la última transacción 20140826213008.0
008 - CÓDIGOS DE INFORMACIÓN DE LONGITUD FIJA
Códigos de información de longitud fija 020226s1968 esp 000 0 spa d
040 ## - FUENTE DE LA CATALOGACIÓN
Centro catalogador de origen BU-BP
Centro transcriptor BMC
082 ## - NÚMERO DE LA CLASIFICACIÓN DECIMAL DEWEY
Númeroo de clasificación 822.33X3-4
100 ## - PUNTO DE ACCESO PRINCIPAL-NOMBRE DE PERSONA
9 (RLIN) 68
Nombre de persona Shakespeare, William
Fechas asociadas al nombre 1564-1616
245 13 - MENCIÓN DE TÍTULO
Título El rey Ricardo II ; La vida y la muerte del rey Juan
Mención de responsabilidad, etc. Willian Shakespeare ; traducción, prólogo y notas de Luis Astrana Marín
260 ## - PUBLICACIÓN, DISTRIBUCIÓN, ETC. (PIE DE IMPRENTA)
Lugar de publicación, distribución, etc. Madrid
Nombre del editor, distribuidor, etc. Espasa-Calpe
Fecha de publicación, distribución, etc. 1968
300 ## - DESCRIPCIÓN FÍSICA
Extensión 212 p.
Dimensiones 18 cm
700 11 - PUNTO DE ACCESO ADICIONAL - NOMBRE DE PERSONA
9 (RLIN) 70
Nombre de persona Astrana Marín, Luis
942 ## - ENTRADA DE ELEMENTOS AGREGADOS (KOHA)
Fuente de clasificaión o esquema Dewey Decimal Classification
Koha [por defecto] tipo de item 1- Monografias
Existencias
Suprimido Perdido Fuente de clasificación o esquema Estropeado Restricciones de uso No para préstamo Código de colección Localización permanente Localización actual Localización en estanter&íacute;as Fecha adquisición Fuente de adquisición Número de inventario Préstamos totales Signatura completa Código de barras Fecha última consulta Fecha último préstamo Coste, precio reemplazado Fecha del precio de reemplazo Tipo de item de Koha
NULL NULL Dewey Decimal Classification NULL Prestable NULL NULL Biblioteca Miguel de Cervantes - UNICAES Biblioteca Miguel de Cervantes - UNICAES Sala Principal 14/06/2013 Donación - Marco René Revelo 000799 1 N SHA rey 1000799 25/03/2025 25/03/2025 3.25 14/06/2013 1- Monografias